Gente como nosotros : Pienso luego emigro : cerebros en fuga /

Reportaje documental para televisión que presenta un acercamiento al problema de la fuga de cerebros en México, a través del caso de Alma Miranda Aguilar: una académica con estudios en Lengua y Literatura Hispánicas y título de maestra en Letras Españolas por la UNAM y candidata a doctora en Literat...

Повний опис

Збережено в:
Бібліографічні деталі
Співавтори: Reunión Nacional de la Red de Televisión y Video de las Instituciones de Educación Superior, Muestra Nacional de Televisión y Video de las Instituciones de Educación Superior
Інші автори: Aguilar, Julio (dir.) Диригент, Gama, Federico (dirección) (dirección), Gama, Federico (realización) (realización), Aguilar, Julio (guión) (guión), Aguilar, Julio (investigación) (investigación), Barrera, Jorge (fotógrafo) (fotógrafo), Camacho, Angel (fotógrafo) (fotógrafo), González, Adán (fotógrafo) (fotógrafo), Velasco, Miguel (conducción) (conducción)
Формат: Матеріали конференцій Слайд
Мова:Іспанська
Опубліковано: México : UNAM, Dirección General de Televisión Universitaria, 2009, c2009
México : ANUIES [distribución], 2010
Серія:(Muestra Nacional de Televisión y Video de las Instituciones de Educación Superior ; Categoría Televisión) 2010.
(Muestra Nacional de Televisión y Video de las Instituciones de Educación Superior ; UNAM) 2010.
Предмети:
Теги: Додати тег
Немає тегів, Будьте першим, хто поставить тег для цього запису!

MARC

LEADER 00000ngm^a2200000^a^4500
001 000341991
005 20250521000000.0
009 20260310114539.383
037 |a Acervo ITESO - Biblioteca 
041 |a ESP 
082 |a 302. 234420972  |b REU MUE 2010 V. 76 
100 |a Aguilar, Julio  |e (dir.) 
240 1 1 |a [Gente como nosotros] 
240 1 1 |a [Muestra Nacional de Televisión y Video de las Instituciones de Educación Superior 2010: producciones de la categoría televisión] 
240 1 1 |a [Muestra Nacional de Televisión y Video de las Instituciones de Educación Superior 2010: producciones de la UNIVA] 
240 1 1 |a [Muestra Nacional de Televisión y Video de las Instituciones de Educación Superior 2010] 
240 1 1 |a [Muestra Nacional de Televisión y Video de las Instituciones de Educación Superior: producciones de la categoría televisión] 
240 1 1 |a [Muestra Nacional de Televisión y Video de las Instituciones de Educación Superior: producciones de la UNIVA] 
240 1 1 |a [Muestra Nacional de Televisión y Video de las Instituciones de Educación Superior] 
245 1 0 |a Gente como nosotros :  |b Pienso luego emigro : cerebros en fuga /  |c Dir. de J. Aguilar, F. Gama ; realización de F. Gama. 
264 4 |a México :  |b UNAM, Dirección General de Televisión Universitaria,  |c 2009, c2009 
264 4 |a México :  |b ANUIES [distribución],  |c 2010 
300 |a 1 DVD sin dato de región  |c (30 min.) 
336 |a imagen móvil bidimensional  |b tdi  |2 rdacontenido 
337 |a video  |b v  |2 rdamedio 
338 |a videodisco  |b vd  |2 rdasoporte 
440 1 |a (Muestra Nacional de Televisión y Video de las Instituciones de Educación Superior ;  |v 2010.  |p Categoría Televisión) 
440 1 |a (Muestra Nacional de Televisión y Video de las Instituciones de Educación Superior ;  |v 2010.  |p UNAM) 
520 |a Reportaje documental para televisión que presenta un acercamiento al problema de la fuga de cerebros en México, a través del caso de Alma Miranda Aguilar: una académica con estudios en Lengua y Literatura Hispánicas y título de maestra en Letras Españolas por la UNAM y candidata a doctora en Literatura Hispánica por el Colegio de México, quien ha decidido aceptar una oferta laboral en la James Madison University, en Harrisonburg, Virginia, Estados Unidos. La protagonista, sus familiares y amigos ofrecen testimonios sobre los factores profesionales-laborales que la han conducido a emigrar, como son las limitadas opciones de trabajo acorde a sus estudios, la baja valoración socio-laboral de las profesiones del campo de las humanidades y la escasa renovación de los cuadros académicos en los espacios universitarios. Emisión de la serie Gente como nosotros, producida por TV UNAM. 
520 |a Suplementos y características especiales: ninguna. 
649 |a XX 
650 |a Académicos -  |z México -  |x Condiciones Laborales 
650 |a Programas Culturales 
650 |a Reportaje Periodístico 
650 |a Documentales 
650 |a Series de Televisión 
650 |a Televisión -  |z México -  |y 2000-2009 
650 |a Televisión -  |z México -  |y Siglo XXI 
650 |a Fuga de Cerebros -  |z México -  |x Tema Principal 
650 |a Migración -  |z México-EUA 
650 |a Problemas Sociales -  |z México 
650 |a Miranda Aguilar, Alma -  |x Tema Principal 
711 |a Reunión Nacional de la Red de Televisión y Video de las Instituciones de Educación Superior (  |n 16a :  |d 2010 :  |c Universidad Juárez Autónoma de Tabasco) 
711 |a Muestra Nacional de Televisión y Video de las Instituciones de Educación Superior (  |n 12a :  |d 2010 :  |c Universidad Juárez Autónoma de Tabasco) 
700 |a Gama, Federico  |e (dirección) 
700 |a Gama, Federico  |e (realización) 
700 |a Aguilar, Julio  |e (guión) 
700 |a Aguilar, Julio  |e (investigación) 
700 |a Barrera, Jorge  |e (fotógrafo) 
700 |a Camacho, Angel  |e (fotógrafo) 
700 |a González, Adán  |e (fotógrafo) 
700 |a Velasco, Miguel  |e (conducción) 
910 |a Fondo General 
920 |a Audiovisuales - DVDs 
940 |a Películas 
905 |a 302 
901 |a 0500231448  |b IT2  |c DVS  |i D63163  |u 20250521 
902 |a https://opac.biblio.iteso.mx/vufind/Record/000341991